| 000 | 00850nam a2200241Ia 4500 | ||
|---|---|---|---|
| 003 | OSt | ||
| 005 | 20220926040948.0 | ||
| 006 | a|||||r|||| 00| 0 | ||
| 007 | ta | ||
| 008 | 220923b |||||||| |||| 00| 0 eng d | ||
| 037 | _cGeneral Book | ||
| 040 |
_aRTL _cRTL _beng |
||
| 041 |
_2eng _aeng |
||
| 082 | _aX6::5:N3, G2 | ||
| 110 |
_aLeauge of Nations. Commission of Enquiry for European Union. Committee of experts to examine the monetary normalisation scheme _9344357 |
||
| 245 | 0 | _aReport, monetary normalisation scheme | |
| 260 | _c1932 | ||
| 490 | _aL. O. N., 1932, 11 A., 23 | ||
| 650 |
_aCredit _9234994 |
||
| 700 |
_aLeauge of Nations. Commission of Enquiry for European Union. Committee of experts to examine the monetary normalisation scheme _9344358 |
||
| 942 |
_hX6::5:N3, G2 _cGB _2CC |
||
| 999 |
_c666058 _d666058 |
||